| 000 | 02036cam a2200481 i 4500 | ||
|---|---|---|---|
| 999 |
_c60483 _d60483 |
||
| 001 | 23113764 | ||
| 005 | 20230731120354.0 | ||
| 008 | 221219e20221219it a ab 000 0 ita d | ||
| 010 | _a 2023372443 | ||
| 020 |
_a9791221803778 : X _c23.00 EUR |
||
| 035 | _a(ItFiC)5380531 | ||
| 035 | _a(OCoLC)1377206364 | ||
| 040 |
_aItFiC _erda _cItFiC _dDLC |
||
| 041 | 0 |
_aita _afre _aeng _beng _bfre _bita |
|
| 042 | _alccopycat | ||
| 043 |
_aea----- _ae-urk-- |
||
| 050 | 0 | 0 |
_aP40.45.A385 _bV58 2022 |
| 080 | _a81'27 V-76 | ||
| 245 | 0 | 0 |
_aVitalité sociolinguistique des langues des massifs montagneux : _bAlpes et Caucase / _csous la direction de Fabio Scetti, Ksenija Djordjevic Léonard, Jean Léo Léonard ; contributions de Natia Abashidze [twenty-nine others]. |
| 250 | _aPremière édition. | ||
| 264 | 1 |
_aRoma : _bAracne, _c19 décembre 2022. |
|
| 300 |
_a381 pages : _billustrations (some color) ; _c24 cm. |
||
| 336 |
_atext _btxt _2rdacontent |
||
| 337 |
_aunmediated _bn _2rdamedia |
||
| 338 |
_avolume _bnc _2rdacarrier |
||
| 490 | 0 |
_aLingue d'Europa e del Mediterraneo ; _v17. _aSezione IV, Sociolingistica |
|
| 504 | _aIncludes bibliographical references. | ||
| 546 | _aTexts in Italian, French, and English; abstracts in English, French, and Italian. | ||
| 650 | 0 |
_aSociolinguistics _zAlps. _919569 |
|
| 650 | 0 |
_aLanguages in contact _zAlps. _919570 |
|
| 650 | 0 |
_aSociolinguistics _zCaucasus. _919571 |
|
| 650 | 0 |
_aLanguages in contact _zCaucasus. _919572 |
|
| 651 | 0 |
_aAlps _xLanguages. _919573 |
|
| 651 | 0 |
_aCaucasus _xLanguages. _919574 |
|
| 653 | _aსოციოლინგვისტიკა | ||
| 700 | 1 |
_aScetti, Fabio, _eeditor. _919575 |
|
| 700 | 1 |
_aDjordjević, Ksenija, _eeditor. _919576 |
|
| 700 | 1 |
_aLéonard, Jean-Léo, _eeditor. _919577 |
|
| 856 | 4 | 1 |
_3Table of contents only _uhttps://www.loc.gov/catdir/toc/casalini19/5380531.pdf |
| 906 |
_a7 _bcbc _ccopycat _d3 _encip _f20 _gy-gencatlg |
||
| 942 |
_2udc _cBK |
||
| 955 |
_acl00 2023-05-04 item has been shipped _abd19 2023-06-28 item received; sent to CMD |
||